Feasibility Study Of Generation Of Energy From Municipal Solid Waste In Case Of Nagpur, Maharashtra (Record no. 361483)

MARC details
000 -LEADER
fixed length control field 00325nam a2200097Ia 4500
008 - FIXED-LENGTH DATA ELEMENTS--GENERAL INFORMATION
fixed length control field 241105s9999 xx 000 0 und d
041 ## - LANGUAGE CODE
Language code of text/sound track or separate title eng
100 ## - MAIN ENTRY--PERSONAL NAME
Personal name Pendharkar Sangeeta
245 ## - TITLE STATEMENT
Title Feasibility Study Of Generation Of Energy From Municipal Solid Waste In Case Of Nagpur, Maharashtra
260 ## - PUBLICATION, DISTRIBUTION, ETC. (IMPRINT)
Name of publisher, distributor, etc. BNCA M Arch EA, Pune
Date of publication, distribution, etc. 2017

No items available.